00606nam a22001937a 450000500170000001000140001702000220003103500130005303700130006608200100007910000300008924500600011925000110017926000630019027000700025330000220032365000310034565000360037620100809104456.0 aENG-98993 a8190716505c80.00 aEN-82525 bDBAD/PUB a006.4 aManikadan, R. Somasundara aBiometrics in computers /cby R. Somasundara Manikandan a2nd rd aSivakasi (Tamil Nadu)bKanthaga Pookkal Pathipagam, c2008 a219, Pathrakaliamman Kovil Salai, bSivakasi (Tamil Nadu)e626123 a128p.c21cm (pbk) aBiometric identification  aComputer network-access control